00572 2200205 4500001002100000005001700021008004100038035002500079040001200104082001200116090001800128100002000146245005900166260003500225300003300260650003700293850001200330990001200342990001200354INLIS00000000000712720150708111941.0  a0010-061500000001248 aYOPDYOG a634.655 a634.655 Sat P aSatuhu, Suyanti aPenanganan Mangga Segar untuk Ekspor /cSuyanti Satuhu aJakartabPenebar Swadayac1999 aviii, 81 hlm.bilus.b21 cm. aMangga - Penanganan untuk ekspor aYOPDYOG a1139-PK a1140-PK